| 000 | 01226nam a22003134a 4500 | ||
|---|---|---|---|
| 001 | ebr10014880 | ||
| 003 | CaPaEBR | ||
| 006 | m u | ||
| 007 | cr cn||||||||| | ||
| 008 | 000323s2001 enka sb 001 0 eng | ||
| 010 | _z 00036295 | ||
| 020 | _z0521650720 (hardback) | ||
| 020 | _z0521659086 (pbk.) | ||
| 040 |
_aCaPaEBR _cCaPaEBR |
||
| 035 | _a(OCoLC)70740778 | ||
| 050 | 1 | 4 |
_aQC881.2.O9 _bC48 2001eb |
| 082 | 0 | 4 |
_a551.51/42 _221 |
| 100 | 1 |
_aChristie, Maureen, _cDr. |
|
| 245 | 1 | 0 |
_aOzone layer _h[electronic resource] : _ba philosophy of science perspective / _cMaureen Christie. |
| 260 |
_aCambridge, UK ; _aNew York : _bCambridge University Press, _c2001. |
||
| 300 |
_axii, 215 p. : _bill. |
||
| 504 | _aIncludes bibliographical references (p. 205-211) and index. | ||
| 533 |
_aElectronic reproduction. _bPalo Alto, Calif. : _cebrary, _d2013. _nAvailable via World Wide Web. _nAccess may be limited to ebrary affiliated libraries. |
||
| 650 | 0 | _aOzone layer. | |
| 650 | 0 |
_aScience _xPhilosophy. |
|
| 655 | 7 |
_aElectronic books. _2local |
|
| 710 | 2 | _aebrary, Inc. | |
| 856 | 4 | 0 |
_uhttp://site.ebrary.com/lib/rucke/Doc?id=10014880 _zAn electronic book accessible through the World Wide Web; click to view |
| 999 |
_c26717 _d26717 |
||